How to study the Bible. (Record no. 3823)

000 -LEADER
fixed length control field 00612nam a2200193 a 4500
001 - CONTROL NUMBER
control field :::00001558$&:&@@
003 - CONTROL NUMBER IDENTIFIER
control field OkBaRHE
005 - DATE AND TIME OF LATEST TRANSACTION
control field 20001101121733.0
008 - FIXED-LENGTH DATA ELEMENTS--GENERAL INFORMATION
fixed length control field s1985 j 000 0 eng u
040 ## - CATALOGING SOURCE
Transcribing agency
100 1# - MAIN ENTRY--PERSONAL NAME
Personal name MacArthur, John.
245 10 - TITLE STATEMENT
Title How to study the Bible.
260 ## - PUBLICATION, DISTRIBUTION, ETC. (IMPRINT)
Place of publication, distribution, etc Chicago, IL., :
Name of publisher, distributor, etc Moody Press
Date of publication, distribution, etc 1985
300 ## - PHYSICAL DESCRIPTION
Extent 81 p. ;
Dimensions 22 cm.
650 ## - SUBJECT ADDED ENTRY--TOPICAL TERM
Topical term or geographic name as entry element Bible
General subdivision Study
942 ## - ADDED ENTRY ELEMENTS (KOHA)
Source of classification or shelving scheme
Koha item type Books
Copies
Damaged status Full call number Copy number Date acquired Permanent Location Not for loan Withdrawn status Lost status Date last seen Shelving location Barcode Source of classification or shelving scheme Koha item type Price effective from
 BS 600 .M312010-04-14RHEMA Bible Training College   2010-04-14General Stacks1558 Books2010-04-14
 BS 600 .M322010-04-14RHEMA Bible Training College   2010-04-14General Stacks18421 Books2010-04-14